000 00405nam a2200133Ia 4500
005 20260328104338.0
008 260328s9999||||xx |||||||||||||| ||und||
100 _aMarshall, Roger
245 0 _aHow to Build Your Own GreenHouse :
_b Designs and Plans to Meet Your Growing Needs /
_cRoger Marshall
260 _bStorey Publishing,
300 _a250 p.
650 _aARQUITECTURA SOSTENIBLE
942 _cBK
999 _c11987
_d11987